高知県の戦前市制・町制 - Statistics

General Stats
  • This quiz has been taken 97 times
  • The average score is 24 of 36
Answer Stats
施行日 施行内容 所属郡 回答 % Correct
1889.04.01 市制 (市) 高知市
100%
1910.01.01 町制 安芸郡 室戸町
98%
1924.09.15 町制 幡多郡 清水町
98%
1895.10.26 町制 吾川郡 伊野町
95%
1898.11.10 町制 幡多郡 中村町
95%
1899.12.20 町制 幡多郡 宿毛町
95%
1895.11.21 町制 安芸郡 安芸町
93%
1916.05.01 町制 安芸郡 奈半利町
93%
1926.02.11 町制 高岡郡 窪川町
93%
1889.04.01 町制 長岡郡 後免町
89%
1889.04.01 町制 高岡郡 須崎町
89%
1899.02.15 町制 香美郡 赤岡町
89%
1926.02.01 町制 香美郡 野市町
89%
1920.05.01 町制 安芸郡 田野町
86%
1896.01.27 町制 香美郡 山田町
80%
1900.06.07 町制 高岡郡 越知町
73%
1909.06.01 町制 長岡郡 本山町
73%
1899.03.01 町制 高岡郡 高岡町
68%
1900.01.10 町制 高岡郡 佐川町
68%
1925.02.11 町制 安芸郡 安田町
64%
1915.01.01 町制 高岡郡 上ノ加江町
59%
1940.11.03 町制 幡多郡 佐賀町
59%
1901.06.02 町制 高岡郡 久礼町
55%
1913.04.01 町制 吾川郡 池川町
55%
1943.01.01 町制 香美郡 夜須町
52%
1943.11.03 町制 幡多郡 大方町
50%
1916.04.01 町制 安芸郡 甲浦町
45%
1943.11.03 町制 安芸郡 佐喜浜町
43%
1922.09.01 町制 高岡郡 宇佐町
41%
1940.02.11 町制 安芸郡 吉良川町
39%
1938.02.11 町制 安芸郡 野根町
36%
1928.01.01 町制 安芸郡 津呂町
34%
1901.06.01 町制 土佐郡 江ノ口町
32%
1927.11.03 町制 幡多郡 下田町
32%
1901.06.01 町制 香美郡 岸本町
30%
1929.01.01 町制 吾川郡 長浜町
30%
No matching quizzes found
Score Distribution
Percent of People with Each Score
Percentile by Number Answered
Your Score History
You have not taken this quiz